000 00690nam a2200229Ia 4500
003 GCL
008 140319s9999 xx 000 0 ara d
040 _aGCL /
_cGCL
082 0 4 _a121
_bم م
100 1 _aمحمد العريبى
245 1 0 _aالمناهج والمذاهب الفكرية والعلوم عند العرب /
_cمحمد العريبى
250 _aالاولى
260 _aالقاهرة :
_bدار الفكر اللبنانى ،
_c1994
300 _a280 ص ؛
_c24 سم
650 0 4 _aالفلسفة
650 0 4 _aالمناهج
650 0 4 _aالعرب
650 0 4 _aالتاريخ
650 0 4 _aالعلوم
650 0 4 _aالمذاهب
942 _2ddc
_cBK
999 _c8153
_d8153